Πνευματική Μήλος : ιστορική μελέτη : (Μήλιοι άριστεις του πνεύματος)

Αποθηκεύτηκε σε:
Λεπτομέρειες βιβλιογραφικής εγγραφής
Κύριος συγγραφέας: Καμακάρης, Γεώργιος Α.
Μορφή: Βιβλίο
Γλώσσα:Greek
Δημοσίευση: Πειραιεύς : [χ.ό.], 1962.
Θέματα:
Ετικέτες: Προσθήκη ετικέτας
Δεν υπάρχουν, Καταχωρήστε ετικέτα πρώτοι!

MARC

LEADER 00000cam a2200000 a 4500
001 1/122346
008 201127s1962####gr | ||| |||| ||gre||
040 |a GR-MyUa  |b gre  |c GR-MyUa  |e AACR2 
041 0 |a gre 
082 7 |a 938.971   |2 (23) 
100 1 |a Καμακάρης, Γεώργιος Α. 
245 1 0 |a Πνευματική Μήλος :   |b ιστορική μελέτη : (Μήλιοι άριστεις του πνεύματος) /   |c Γεωργίου Α. Καμακάρη. 
260 |a Πειραιεύς :   |b [χ.ό.],   |c 1962. 
300 |a 148 σ. ;   |c 22 εκ. 
504 |a Βιβλιογραφία: σ. [145]-148. 
651 0 |a Melos (Greece : Municipality)  |x Intellectual life. 
651 0 |a Melos (Greece : Municipality)  |x History. 
852 |a INST  |b SYROS  |c KYK  |e 20201127  |h 38.971 ΚΑΜ  |p 005500014703  |q 005500014703  |t BK  |y 0 
920 |a Φρέρης  |b Πέτρος  |y Σύρος  |z 2019-02 
970 |a Κοντού  |b Παρασκευή  |z 27/11/2020